平成に消滅・改称した新潟県の市町村 - Statistics

General Stats
  • This quiz has been taken 57 times
  • The average score is 62 of 95
Answer Stats
変更年月日 変更内容 回答 変更後の市町村 % Correct
2004.03/01 新設合併 両津市 佐渡市
93%
2005.03/21 編入合併 白根市 新潟市
93%
2005.03/21 編入合併 豊栄市 新潟市
93%
2005.03/21 編入合併 新津市 新潟市
89%
2005.04/01 市名改称 新井市 妙高市
89%
2005.04/01 編入合併 妙高高原町 新井市
85%
2005.10/10 編入合併 巻町 新潟市
85%
2005.05/01 新設合併 三条市 三条市
81%
2006.01/01 編入合併 栃尾市 長岡市
81%
2008.04/01 新設合併 村上市 村上市
81%
2004.03/01 新設合併 相川町 佐渡市
78%
2004.04/01 新設合併 水原町 阿賀野市
78%
2004.11/01 新設合併 小出町 魚沼市
78%
2004.11/01 新設合併 六日町 南魚沼市
78%
2005.03/19 新設合併 糸魚川市 糸魚川市
78%
2005.09/01 新設合併 中条町 胎内市
78%
2006.01/01 編入合併 寺泊町 長岡市
78%
2006.01/01 新設合併 五泉市 五泉市
78%
2006.03/20 新設合併 燕市 燕市
78%
2006.03/20 新設合併 吉田町 燕市
78%
2010.03/31 編入合併 川口町 長岡市
78%
2005.03/19 新設合併 青海町 糸魚川市
74%
2005.03/21 編入合併 亀田町 新潟市
74%
2005.04/01 新設合併 十日町市 十日町市
74%
2006.03/20 新設合併 分水町 燕市
74%
2001.01/01 編入合併 黒埼町 新潟市
70%
2004.11/01 新設合併 堀之内町 魚沼市
70%
2005.01/01 編入合併 頸城村 上越市
70%
2005.03/19 新設合併 能生町 糸魚川市
70%
2005.04/01 編入合併 妙高村 新井市
70%
2006.01/01 新設合併 村松町 五泉市
70%
2004.03/01 新設合併 小木町 佐渡市
67%
2004.03/01 新設合併 赤泊村 佐渡市
67%
2005.01/01 編入合併 柿崎町 上越市
67%
2005.01/01 編入合併 名立町 上越市
67%
2005.04/01 編入合併 山古志村 長岡市
67%
2005.04/01 新設合併 津川町 阿賀町
67%
2005.05/01 編入合併 西山町 柏崎市
67%
2005.10/01 編入合併 塩沢町 南魚沼市
67%
2008.04/01 新設合併 荒川町 村上市
67%
2008.04/01 新設合併 朝日村 村上市
67%
2008.04/01 新設合併 山北町 村上市
67%
2004.03/01 新設合併 佐和田町 佐渡市
63%
2004.03/01 新設合併 金井町 佐渡市
63%
2004.03/01 新設合併 羽茂町 佐渡市
63%
2004.04/01 新設合併 京ヶ瀬村 阿賀野市
63%
2004.11/01 新設合併 守門村 魚沼市
63%
2004.11/01 新設合併 大和町 南魚沼市
63%
2005.01/01 編入合併 大潟町 上越市
63%
2005.03/21 編入合併 岩室村 新潟市
63%
2005.03/21 編入合併 西川町 新潟市
63%
2005.03/21 編入合併 潟東村 新潟市
63%
2005.03/21 編入合併 月潟村 新潟市
63%
2005.03/21 編入合併 中之口村 新潟市
63%
2005.04/01 新設合併 松代町 十日町市
63%
2005.05/01 新設合併 栄町 三条市
63%
2005.05/01 編入合併 加治川村 新発田市
63%
2005.05/01 編入合併 紫雲寺町 新発田市
63%
2004.11/01 新設合併 入広瀬村 魚沼市
59%
2005.01/01 編入合併 中郷村 上越市
59%
2005.03/21 編入合併 小須戸町 新潟市
59%
2005.04/01 編入合併 中之島町 長岡市
59%
2005.04/01 新設合併 中里村 十日町市
59%
2005.05/01 新設合併 下田村 三条市
59%
2006.01/01 編入合併 和島村 長岡市
59%
2003.07/07 編入合併 豊浦町 新発田市
56%
2004.03/01 新設合併 新穂村 佐渡市
56%
2004.03/01 新設合併 畑野町 佐渡市
56%
2004.11/01 新設合併 湯之谷村 魚沼市
56%
2005.01/01 編入合併 牧村 上越市
56%
2005.04/01 編入合併 小国町 長岡市
56%
2005.04/01 新設合併 松之山町 十日町市
56%
2005.04/01 新設合併 鹿瀬町 阿賀町
56%
2005.04/01 新設合併 三川村 阿賀町
56%
2005.09/01 新設合併 黒川村 胎内市
56%
2006.01/01 編入合併 与板町 長岡市
56%
2008.04/01 新設合併 神林村 村上市
56%
2004.04/01 新設合併 安田町 阿賀野市
52%
2004.04/01 新設合併 笹神村 阿賀野市
52%
2004.11/01 新設合併 広神村 魚沼市
52%
2005.01/01 編入合併 浦川原村 上越市
52%
2005.01/01 編入合併 大島村 上越市
52%
2005.01/01 編入合併 吉川町 上越市
52%
2005.01/01 編入合併 三和村 上越市
52%
2005.03/21 編入合併 横越町 新潟市
52%
2005.03/21 編入合併 味方村 新潟市
52%
2005.04/01 編入合併 越路町 長岡市
52%
2005.04/01 編入合併 三島町 長岡市
52%
2005.04/01 新設合併 川西町 十日町市
52%
2005.04/01 新設合併 上川村 阿賀町
52%
2005.05/01 編入合併 高柳町 柏崎市
52%
2004.03/01 新設合併 真野町 佐渡市
48%
2005.01/01 編入合併 安塚町 上越市
48%
2005.01/01 編入合併 板倉町 上越市
48%
2005.01/01 編入合併 清里村 上越市
44%
No matching quizzes found
Score Distribution
Percent of People with Each Score
Percentile by Number Answered
Your Score History
You have not taken this quiz